El ofrecimiento de trabajo : importancia y trascendencia en el juicio laboral /

Estudio que plantea los aspectos generales y características particulares del ofrecimiento del trabajo, el cual es una manifestación que hace el patrón al trabajador dentro del juicio laboral mexicano para que la relación de trabajo continúe.

Wedi'i Gadw mewn:
Manylion Llyfryddiaeth
Prif Awdur: Quijano Alvarez, Alejandro (autor)
Fformat: Llyfr
Iaith:Sbaeneg
Cyhoeddwyd: México : Porrúa, 2018, c2018
Rhifyn:3a edición
Pynciau:
Tagiau: Ychwanegu Tag
Dim Tagiau, Byddwch y cyntaf i dagio'r cofnod hwn!

MARC

LEADER 00000nam^a2200000^a^4500
001 000413335
005 20250521000000.0
009 20260526144032.946
020 |a 978-607-09-3031-7 
037 |a Acervo ITESO - Biblioteca 
041 |a ESP 
082 |a 344. 72010269  |b QUI 
100 |a Quijano Alvarez, Alejandro  |e (autor) 
245 1 3 |a El ofrecimiento de trabajo :  |b importancia y trascendencia en el juicio laboral /  |c A. Quijano Alvarez ; pról. de Víctor Hugo Mendoza Sánchez. 
250 |a 3a edición 
264 4 |a México :  |b Porrúa,  |c 2018, c2018 
300 |a XXIV, 236 p. 
336 |a texto  |b txt  |2 rdacontenido 
337 |a sin mediación  |b n  |2 rdamedio 
338 |a volumen  |b nc  |2 rdasoporte 
520 |a Estudio que plantea los aspectos generales y características particulares del ofrecimiento del trabajo, el cual es una manifestación que hace el patrón al trabajador dentro del juicio laboral mexicano para que la relación de trabajo continúe. 
521 |a EEnlace Departamento de Estudios Sociopolíticos y Jurídicos 2019 
649 |a XX 
650 |a Despidos -  |z México -  |x Aspectos Jurídicos 
650 |a Separación del Cargo -  |z México -  |x Aspectos Jurídicos 
650 |a Acciones Laborales -  |z México 
650 |a Juicios Laborales -  |z México -  |x Tema Principal 
650 |a Derecho Procesal Laboral -  |z México 
650 |a Derecho Laboral -  |z México 
650 |a Derecho Social -  |z México 
650 |a Derecho Público -  |z México 
910 |a Fondo General 
920 |a Impresos - Libros 
930 |a Colección General 
905 |a 101 
901 |a 0500321973  |b IT1  |c ACC  |i C166382  |u 20250521 
902 |a https://opac.biblio.iteso.mx/vufind/Record/000413335